Publishing and Book Development in Sub-Saharan Africa: An Annointed Bibliography / (Record no. 100896)

MARC details
000 -LEADER
fixed length control field 00706nam a2200229 a 4500
008 - FIXED-LENGTH DATA ELEMENTS--GENERAL INFORMATION
fixed length control field
020 ## - INTERNATIONAL STANDARD BOOK NUMBER
International Standard Book Number 9781873836460 (hardback)
049 ## - LOCAL HOLDINGS (OCLC)
Holding library MAIN
090 ## - LOCALLY ASSIGNED LC-TYPE CALL NUMBER (OCLC); LOCAL CALL NUMBER (RLIN)
Classification number (OCLC) (R) ; Classification number, CALL (RLIN) (NR) REF Z465.2
Local cutter number (OCLC) ; Book number/undivided call number, CALL (RLIN) ZEL
003 - CONTROL NUMBER IDENTIFIER
control field
005 - DATE AND TIME OF LATEST TRANSACTION
control field 20230120191425.0
040 ## - CATALOGING SOURCE
Transcribing agency NUST
100 ## - MAIN ENTRY--PERSONAL NAME
Personal name Zell, Hans M.
245 #0 - TITLE STATEMENT
Title Publishing and Book Development in Sub-Saharan Africa: An Annointed Bibliography /
Statement of responsibility, etc. Zell Hand M. and Lomer Cecile
300 ## - PHYSICAL DESCRIPTION
Extent x, 409 pages ;
Dimensions 25 cm
504 ## - BIBLIOGRAPHY, ETC. NOTE
Bibliography, etc. note Includes bibliographical references.
500 ## - GENERAL NOTE
General note Includes index.
650 ## - SUBJECT ADDED ENTRY--TOPICAL TERM
Topical term or geographic name entry element Book Development.
700 ## - ADDED ENTRY--PERSONAL NAME
Personal name Lomer, Cecile.
907 ## - LOCAL DATA ELEMENT G, LDG (RLIN)
a .b10131887
b 05-07-22
c 30-07-04
942 ## - ADDED ENTRY ELEMENTS (KOHA)
Koha item type Ordinary Loan Books
Call number prefix REF Z465.2
Call number suffix ZEL
Holdings
Date last seen Total Checkouts Full call number Barcode Cost, replacement price Price effective from Koha item type Lost status Source of classification or shelving scheme Damaged status Not for loan Collection Withdrawn status Home library Current library Shelving location Date acquired Cost, normal purchase price
01/20/2023   REF Z465.2 ZEL 92003021220 80.00 01/20/2023 BOOKS   LCC     NFIC   MAIN MAIN GEN 01/20/2023 80.00